00580nam a22001817a 450000500170000001000150001702000260003203500140005803700090007208200110008110000180009224500730011025000060018326000410018927000880023030000190031850000610033720250827155027.0 aENG-146556 a9789371365079c160.00 aEN-130088 bDBAD a54721 aJoshi, Vishal a13 Booklet Previous Year's Solved Questions Chemistry/cVishal Joshi a1 aNoidabPearson India Educationc2025 a15th Floor, Towe-B, World Trade Tower, Plot No.1, Block-C, Sector-16bNoidae201301 avpp.c25cm(pb) aJEE Main Aprils 2025 Attempt Chapter-wise and Topic-wise